European Competitions Top 5 Scorers: 2000/01 - Statistics

General Stats
  • This quiz has been taken 3 times
  • The average score is 3 of 18
Answer Stats
Competition Goals Club Nationality Player % Correct
Champions League 7 Real Madrid Spain Raul
100%
Champions League 6 Manchester United England Paul Scholes
67%
Champions League 6 Barcelona Brazil Rivaldo
67%
UEFA Cup 5 Barcelona Brazil Rivaldo
67%
Champions League 6 Bayern Munich Brazil Giovane Elber
33%
UEFA Cup 5 Inter Uruguay Alvaro Recoba
0%
UEFA Cup 6 AEK Athens Greece Demis Nikolaidis
0%
UEFA Cup 6 Red Star Belgrade Yugoslavia Goran Drulic
0%
UEFA Cup 5 Alaves Uruguay Ivan Alonso
0%
Champions League 6 Real Madrid Spain Ivan Helguera
0%
UEFA Cup 6 Alaves Spain Javi Moreno
0%
Champions League 6 Leeds England Lee Bowyer
0%
UEFA Cup 6 Lausanne-Sport Poland Marcin Kuzba
0%
UEFA Cup 5 Roma Italy Marco Delvecchio
0%
Champions League 6 Monaco Italy Marco Simone
0%
Champions League 6 Galatasaray Brazil Mario Jardel
0%
UEFA Cup 5 Porto Brazil Pena
0%
UEFA Cup 5 Nantes Romania Viorel Moldovan
0%
No matching quizzes found
Score Distribution
Percent of People with Each Score
Percentile by Number Answered
Your Score History
You have not taken this quiz